000 00783nam a2200229Ia 4500
003 GCL
008 140319s9999 xx 000 0 ara d
040 _aGCL /
_cGCL
082 0 4 _a811.3
_bك ف
100 1 _aكمال ابومصلح
245 1 0 _aالفرزدق: حياتة وشعرة /
_cكمال ابومصلح
700 1 _aاحمد الاسكندرى
700 1 _aابوالفرج الاصفهانى: على بن الحسين بن محمد بن الهيثم عبدالرحمن بن مروان البغدادى
260 _a[S.N] :
_bالمكتبة الحديثة ،
_c1987
300 _a272 ص
490 _a
650 0 4 _aالشعر العربى
650 0 4 _aدواوين وقصائد
650 0 4 _aالشعراء
650 0 4 _aالفرزدق
942 _2ddc
_cBK
999 _c36030
_d36030